Statistics for Minecraft Quiz Acingaman

Click here to take the quiz!

General Stats

  • This quiz has been taken 27 times
  • The average score is 11 of 16

Answer Stats

DescriptionAnswer% Correct
The mob that explodesCreeper
100%
The mob the has 8 legsSpider
86%
True or false: Zombies can drop carrots trueTrue
86%
The mob that groansZombie
86%
What is the most valuable ore?Diamond
79%
True3 or false3: Skeletons are afraid of cats True or FalseFalse3
71%
True2 or false2: A jockey is a skeleton on a spiderTrue2
71%
What is the most rare ore?Emerald
64%
Can enchanted golden apples be crafted in 1.9 nope or yupNope
64%
The mob that rattlesSkeleton
64%
What does that mob from above drop?Bones
57%
What does the mob from above drop?Rotten flesh
57%
What does that mob from above drop?Gunpowder
50%
Who is the creator of minecraftNotch
50%
What does that mob from above drop?String
43%
What block do you smelt to get charcoalLog
29%

Score Distribution

Percentile by Number Answered

Percent of People with Each Score

Your Score History

You have not taken this quiz